| 000 | 00000nas 2200000za 4500 |
| 001 | 9.514673 |
| 003 | CaOODSP |
| 005 | 20201020160543 |
| 007 | ta |
| 008 | 150406d1989200uonc x m #||||f| |0eng|d |
| 022 | |a0843-5626 |
| 040 | |aCaOODSP|beng |
| 043 | |an-cn--- |
| 086 | 1 |aFs66-5E |
| 245 | 00|aEconomic and commercial analysis report / |cpublished by Statistical Services. |
| 260 | |a[Ottawa] : |bFisheries and Oceans Canada |
| 310 | |aIrregular |
| 362 | 1 |aBegan with no. 1; ceased with no. 165? |
| 710 | 1 |aCanada.|bDepartment of Fisheries and Oceans. |bEconomic and Policy Analysis Directorate. |
| 775 | 08|tEconomic and commercial analysis report / |w(CaOODSP)9.509344 |
| 775 | 08|tRapport de l'analyse économique et commerciale / |w(CaOODSP)9.509345 |
| 775 | 08|tSérie de publications de l'analyse économique et commerciale / |w(CaOODSP)9.513045 |
| 776 | 0#|tEconomic and commercial analysis report.|w(CaOODSP)9.892637 |